| 000 | 00963nam a2200313 b 4500 | ||
|---|---|---|---|
| 003 | DO-SdBPM | ||
| 005 | 20260522132729.0 | ||
| 007 | ta | ||
| 008 | 180124b1995 sp |||| 00| 0 spa d | ||
| 016 | _a | ||
| 020 | _a8408015494 | ||
| 035 | _a | ||
| 040 |
_aDO-SdBPM _bspa _cBPMSU _e rda |
||
| 041 | 1 |
_aspa _h |
|
| 080 | _a | ||
| 082 | 4 |
_aR860.9 _bU49d 1995 _2 22 |
|
| 100 | 1 |
_aUmbral, Francisco _d1935-2007 _eautor _4aut. |
|
| 245 | 1 | 3 |
_aDiccionario de literatura : _bEspaña 1941-1995 :de la postguerra a la posmodernidad / _cFrancisco Umbral. _h |
| 260 |
_a _b _c |
||
| 264 |
_aBarcelona : _bPlaneta, _c 1995. |
||
| 300 |
_a277 páginas ; _c21 cm. |
||
| 336 |
_atexto _btxt _2rdacontent |
||
| 337 |
_asi mediación _bn _2rdamedia |
||
| 338 |
_avolumen _bnc _2rdacarrier |
||
| 590 | _aInventariado, 2026/VM | ||
| 650 | 7 |
_aLiteratura española _y1941-1995 _vDiccionarios. _2 |
|
| 910 | _aVMateo V. Control de calidad BPMSU | ||
| 942 |
_2ddc _cBK |
||
| 999 |
_c15867 _d15867 |
||